[Event "<1600, practising wit Ruy"]
[Site "SchemingMind.com"]
[Date "2010.06.01"]
[Round "-"]
[White "Lars"]
[Black "lemmie"]
[Result "0-1"]
[WhiteCountry "SWE"]
[BlackCountry "NED"]
[WhiteElo "1577"]
[WhiteRD "68"]
[BlackElo "1728"]
[BlackRD "58"]
[GameID "250618"]

1. e4 e5 2. Nf3 Nc6 3. Bb5 a6 4. Ba4 Nf6 5. O-O Be7 6. Re1 b5 7. Bb3 d6 8. c3 O-O 9. h3 Na5 10. Bc2 d5
11. Nxe5 dxe4 12. Bxe4 Nxe4 13. Rxe4 Bb7 14. Re3 Qd5 15. Qf3 Qd6 16. Qh5 f6 17. Ng4 f5 18. Ne5 Nc4 19. Nxc4 bxc4 20. b3 Qd5
21. f3 Qc5 22. Ba3 Qb6 23. Kh1 Bxa3 24. Nxa3 cxb3 25. axb3 Qxb3 26. c4 Qb4 27. d4 Qb2 28. Rae1 Qxd4 29. Re8 Raxe8 30. Rxe8 Qd1+
31. Kh2 Qd6+ 32. Kh1 Qxa3 33. Qxf5 Rxe8 34. Qf4 Re1+ 35. Kh2 Re2 36. Qxc7 Bxf3 37. Qd8+ Qf8 38. Qb6 Rxg2+ 39. Kh1 Rb2+ 40. Kg1 Rxb6
41. c5 Rb2 42. h4 Ba8 43. h5 Qf2#
0-1

[Event "<1600, practising wit Ruy"]
[Site "SchemingMind.com"]
[Date "2010.06.01"]
[Round "-"]
[White "lemmie"]
[Black "Lars"]
[Result "1-0"]
[WhiteCountry "NED"]
[BlackCountry "SWE"]
[WhiteElo "1688"]
[WhiteRD "55"]
[BlackElo "1462"]
[BlackRD "90"]
[GameID "250619"]

1. e4 e5 2. Nf3 Nc6 3. Bb5 a6 4. Ba4 Nf6 5. O-O Be7 6. Re1 b5 7. Bb3 d6 8. c3 O-O 9. h3 Na5 10. Bc2 d5
11. exd5 Bd6 12. d4 exd4 13. Qxd4 Bb7 14. Bg5 Nc4 15. b3 Nb6 16. c4 c6 17. Qd3 cxd5 18. Bxf6 Qxf6 19. Qxh7#
1-0

[Event "<1600, practising wit Ruy"]
[Site "SchemingMind.com"]
[Date "2010.06.07"]
[Round "-"]
[White "Olli Ylönen"]
[Black "lemmie"]
[Result "0-1"]
[WhiteCountry "FIN"]
[BlackCountry "NED"]
[WhiteElo "1451"]
[WhiteRD "51"]
[BlackElo "1807"]
[BlackRD "56"]
[GameID "250805"]

1. e4 e5 2. Nf3 Nc6 3. Bb5 a6 4. Ba4 Nf6 5. O-O Be7 6. Re1 b5 7. Bb3 d6 8. c3 O-O 9. h3 Na5 10. Bc2 d5
11. exd5 e4 12. Bxe4 Nxe4 13. Rxe4 Bb7 14. d4 Bxd5 15. Re1 Qd6 16. Bf4 Qd8 17. Nbd2 Re8 18. Ne4 Qc8 19. Neg5 h6 20. Ne4 Qf5
21. Bxc7 Nc4 22. g4 Qc8 23. Bg3 Nxb2 24. Qc2 Nc4 25. a4 b4 26. cxb4 Bxb4 27. Rab1 Bxe1 28. Rxe1 Qc6
0-1

[Event "<1600, practising wit Ruy"]
[Site "SchemingMind.com"]
[Date "2010.06.07"]
[Round "-"]
[White "Olli Ylönen"]
[Black "Lars"]
[Result "1/2-1/2"]
[WhiteCountry "FIN"]
[BlackCountry "SWE"]
[WhiteElo "1451"]
[WhiteRD "51"]
[BlackElo "1558"]
[BlackRD "66"]
[GameID "250806"]

1. e4 e5 2. Nf3 Nc6 3. Bb5 a6 4. Ba4 Nf6 5. O-O Be7 6. Re1 b5 7. Bb3 d6 8. c3 O-O 9. h3 Na5 10. Bc2 d5
11. Nxe5 dxe4 12. d4 Bb7 13. a4 Nc4 14. axb5 axb5 15. Rxa8 Bxa8 16. Nxc4 bxc4 17. Nd2 c5 18. Nxe4 cxd4 19. Qxd4 Qxd4 20. cxd4 Bd5
21. Bg5 Bxe4 22. Bxe4 h6 23. Bh4 Rb8 24. Bf3 Bb4 25. Rc1 g5 26. Bg3 Rc8 27. Be5 Kg7 28. Bxf6+ Kxf6 29. Kf1 c3 30. bxc3 Bxc3
31. Ke2 Re8+ 32. Kd3 Ba5 33. Rc6+ Kg7 34. Kc4 Be1 35. d5 Bxf2 36. d6 Rd8 37. Kd5 Kf8 38. Bg4 Bg3 39. Rc8 Ke8 40. d7+ Ke7
41. Rxd8 Kxd8 42. Ke4 Ke7 43. Kf5 Bd6 44. d8=Q+ Kxd8 45. Kf6 Ke8 46. Bd7+ Kxd7 47. Kxf7 Be7 48. Kg6 Bf8 49. Kf7 Be7 50. Kg6 Bf8
51. Kf7 Be7
1/2-1/2

[Event "<1600, practising wit Ruy"]
[Site "SchemingMind.com"]
[Date "2010.06.07"]
[Round "-"]
[White "lemmie"]
[Black "Olli Ylönen"]
[Result "1-0"]
[WhiteCountry "NED"]
[BlackCountry "FIN"]
[WhiteElo "1807"]
[WhiteRD "56"]
[BlackElo "1451"]
[BlackRD "51"]
[GameID "250807"]

1. e4 e5 2. Nf3 Nc6 3. Bb5 a6 4. Ba4 Nf6 5. O-O Be7 6. Re1 b5 7. Bb3 d6 8. c3 O-O 9. h3 Na5 10. Bc2 d5
11. exd5 e4 12. Ng5 Qxd5 13. Nxe4 Bf5 14. d3 Nxe4 15. dxe4 Qxd1 16. Rxd1 Bg6 17. f4 Rad8 18. f5 Bxf5 19. exf5 Rxd1+ 20. Bxd1 Bc5+
21. Kf1 Nc4 22. Bf3 Rd8 23. b4 Be3 24. Na3 Nxa3 25. Bxe3 Nc2 26. Bg5 f6 27. Rc1 fxg5 28. Rxc2 Rf8 29. Bd5+ Kh8 30. Rf2 h6
31. Bb7
1-0

[Event "<1600, practising wit Ruy"]
[Site "SchemingMind.com"]
[Date "2010.06.07"]
[Round "-"]
[White "Lars"]
[Black "Olli Ylönen"]
[Result "1-0"]
[WhiteCountry "SWE"]
[BlackCountry "FIN"]
[WhiteElo "1577"]
[WhiteRD "68"]
[BlackElo "1494"]
[BlackRD "50"]
[GameID "250808"]

1. e4 e5 2. Nf3 Nc6 3. Bb5 a6 4. Ba4 Nf6 5. O-O Be7 6. Re1 b5 7. Bb3 d6 8. c3 O-O 9. h3 Na5 10. Bc2 d5
11. Nxe5 dxe4 12. Bxe4 Nxe4 13. Rxe4 Bf5 14. Re3 Nc4 15. Re1 Nxe5 16. Rxe5 Bxb1 17. Rxb1 Bd6 18. Re4 Re8 19. Rxe8+ Qxe8 20. d4 c5
21. Be3 c4 22. Qg4 Qf8 23. Qd7 Be7 24. Re1 Qd8 25. Qg4 g6 26. Bh6 Bf8 27. Bg5 Qd6 28. f4 f5 29. Qf3 Bg7 30. Qxa8+
1-0

[Event "<1600, practising wit Ruy"]
[Site "SchemingMind.com"]
[Date "2010.06.08"]
[Round "-"]
[White "swarupsawant"]
[Black "lemmie"]
[Result "0-1"]
[WhiteCountry "IND"]
[BlackCountry "NED"]
[WhiteElo "1683"]
[WhiteRD "64"]
[BlackElo "1728"]
[BlackRD "58"]
[GameID "251203"]

1. e4 e5 2. Nf3 Nc6 3. Bb5 a6 4. Ba4 Nf6 5. O-O Be7 6. Re1 b5 7. Bb3 d6 8. c3 O-O 9. h3 Na5 10. Bc2 d5
11. d4 exd4 12. e5 Ne4 13. Bxe4 dxe4 14. Rxe4 dxc3 15. Rd4 cxb2 16. Bxb2 Qe8 17. Nc3 c5 18. Rd3 Bf5 19. Rd5 b4 20. Na4 Nb7
21. Nb6 Rd8 22. Qd2 Be6 23. Rxd8 Qxd8 24. Qxd8 Rxd8 25. Kf1 c4 26. Bd4 c3 27. Ke1 Bc5 28. Bxc5 Nxc5 29. Ke2 Bxa2
0-1

[Event "<1600, practising wit Ruy"]
[Site "SchemingMind.com"]
[Date "2010.06.08"]
[Round "-"]
[White "swarupsawant"]
[Black "Olli Ylönen"]
[Result "1-0"]
[WhiteCountry "IND"]
[BlackCountry "FIN"]
[WhiteElo "1683"]
[WhiteRD "64"]
[BlackElo "1494"]
[BlackRD "50"]
[GameID "251204"]

1. e4 e5 2. Nf3 Nc6 3. Bb5 a6 4. Ba4 Nf6 5. O-O Be7 6. Re1 b5 7. Bb3 d6 8. c3 O-O 9. h3 Na5 10. Bc2 d5
11. Nxe5 dxe4 12. b4 Nc4 13. Nxc4 bxc4 14. Qe2 Bb7 15. Na3 Re8 16. Qxc4 h6 17. d4 a5 18. Ba4 Bd5 19. Qe2 axb4 20. Bxe8 Rxa3
21. Bxf7+ Bxf7 22. Bxa3 bxa3 23. f3 Qd5 24. fxe4
1-0

[Event "<1600, practising wit Ruy"]
[Site "SchemingMind.com"]
[Date "2010.06.08"]
[Round "-"]
[White "swarupsawant"]
[Black "Lars"]
[Result "0-1"]
[WhiteCountry "IND"]
[BlackCountry "SWE"]
[WhiteElo "1606"]
[WhiteRD "74"]
[BlackElo "1462"]
[BlackRD "90"]
[GameID "251205"]

1. e4 e5 2. Nf3 Nc6 3. Bb5 a6 4. Ba4 Nf6 5. O-O Be7 6. Re1 b5 7. Bb3 d6 8. c3 O-O 9. h3 Na5 10. Bc2 d5
11. Nxe5 dxe4 12. b4 Qd6 13. Nxf7 Rxf7 14. bxa5 Bb7 15. Ba3 Qf4 16. Bxe7 Rxe7 17. d3 Rae8 18. d4 e3 19. f3 Nh5 20. Qd3 g6
21. Na3 Qg5 22. Bb3+ Kh8 23. c4 Bxf3
0-1

[Event "<1600, practising wit Ruy"]
[Site "SchemingMind.com"]
[Date "2010.06.08"]
[Round "-"]
[White "lemmie"]
[Black "swarupsawant"]
[Result "1-0"]
[WhiteCountry "NED"]
[BlackCountry "IND"]
[WhiteElo "1728"]
[WhiteRD "58"]
[BlackElo "1683"]
[BlackRD "64"]
[GameID "251206"]

1. e4 e5 2. Nf3 Nc6 3. Bb5 a6 4. Ba4 Nf6 5. O-O Be7 6. Re1 b5 7. Bb3 d6 8. c3 O-O 9. h3 Na5 10. Bc2 d5
11. exd5 Nxd5 12. Nxe5 Bd6 13. d4 f6 14. Qh5 h6 15. Ng6 Re8 16. Rxe8+ Qxe8 17. Qxd5+ Be6 18. Qe4 f5 19. Ne7+ Kf7 20. Nxf5 Qd7
21. Nxd6+
1-0

[Event "<1600, practising wit Ruy"]
[Site "SchemingMind.com"]
[Date "2010.06.08"]
[Round "-"]
[White "Olli Ylönen"]
[Black "swarupsawant"]
[Result "0-1"]
[WhiteCountry "FIN"]
[BlackCountry "IND"]
[WhiteElo "1494"]
[WhiteRD "50"]
[BlackElo "1683"]
[BlackRD "64"]
[GameID "251207"]

1. e4 e5 2. Nf3 Nc6 3. Bb5 a6 4. Ba4 Nf6 5. O-O Be7 6. Re1 b5 7. Bb3 d6 8. c3 O-O 9. h3 Na5 10. Bc2 d5
11. d4 dxe4 12. dxe5 Qxd1 13. Rxd1 exf3 14. exf6 Bxf6 15. Be4 Bb7 16. Bxf3 Bxf3 17. gxf3 Rad8 18. Rxd8 Rxd8 19. Kg2 Rd1 20. Bf4 Nc4
21. b3 Na3
0-1

[Event "<1600, practising wit Ruy"]
[Site "SchemingMind.com"]
[Date "2010.06.08"]
[Round "-"]
[White "Lars"]
[Black "swarupsawant"]
[Result "1/2-1/2"]
[WhiteCountry "SWE"]
[BlackCountry "IND"]
[WhiteElo "1577"]
[WhiteRD "68"]
[BlackElo "1683"]
[BlackRD "64"]
[GameID "251208"]

1. e4 e5 2. Nf3 Nc6 3. Bb5 a6 4. Ba4 Nf6 5. O-O Be7 6. Re1 b5 7. Bb3 d6 8. c3 O-O 9. h3 Na5 10. Bc2 d5
11. Nxe5 Bd6 12. d4 dxe4 13. Bxe4 Nxe4 14. Rxe4 Bf5 15. Rf4 Bxb1 16. Rxb1 Bxe5 17. Re4 Bf6 18. Qd3 c5 19. Be3 Nc4 20. b3 Nxe3
21. fxe3 Ra7 22. Rf1 Re7 23. Rg4 Kh8 24. Rxf6 c4 25. Qf5 g6 26. Qf4 cxb3 27. axb3 Rxe3 28. Qxe3 Qxf6 29. Qe5 Qxe5 30. dxe5 Re8
31. Re4 f5 32. Re2 Kg7 33. Kf2 Kf7 34. Kf3 Ke6 35. Kf4 Rc8 36. Re3 h6 37. h4 Rg8 38. Re2 g5+ 39. hxg5 hxg5+ 40. Kf3 Rc8
41. Rc2 Kxe5 42. g4 f4 43. Re2+ Kf6 44. Rc2 b4 45. c4 Re8 46. Kf2 Re3 47. c5 Rc3 48. Ra2 Rxb3 49. Rxa6+ Ke5 50. c6 Rb2+
51. Kf3 Kd4 52. Ra5 Rb3+ 53. Ke2 Rc3 54. Rxg5 f3+ 55. Kf2 b3 56. Rb5 Ke4 57. g5 Rc2+ 58. Kf1 b2 59. c7 Ke3 60. Rb3+ Kf4
61. Rxb2 Rxc7 62. Kf2 Rf7 63. g6 Rg7 64. Rb4+ Kg5=
1/2-1/2

[Event "<1600, practising wit Ruy"]
[Site "SchemingMind.com"]
[Date "2010.06.13"]
[Round "-"]
[White "cnile"]
[Black "lemmie"]
[Result "0-1"]
[WhiteCountry "SCO"]
[BlackCountry "NED"]
[WhiteElo "1444"]
[WhiteRD "59"]
[BlackElo "1807"]
[BlackRD "56"]
[GameID "251386"]

1. e4 e5 2. Nf3 Nc6 3. Bb5 a6 4. Ba4 Nf6 5. O-O Be7 6. Re1 b5 7. Bb3 d6 8. c3 O-O 9. h3 Na5 10. Bc2 d5
11. exd5 e4 12. Bxe4 Nxe4 13. Rxe4 Bb7 14. d4 Bxd5 15. Re1 Qd6 16. Nbd2 Nc6 17. Nf1 Rfe8 18. Ne3 Be4 19. Nh2 Rad8 20. Qg4 Bf8
21. Bd2 Bd3 22. Rad1 Re4 23. Qf3 Qg6 24. Nhg4 f5 25. Nxf5 Rxe1+ 26. Rxe1 Bxf5 27. Ne5 Nxe5 28. Rxe5 Bc8 29. Rg5 Qb1+ 30. Kh2 Bd6+
31. g3 Rf8 32. Qd5+ Kh8 33. Qa8 Rxf2+
0-1

[Event "<1600, practising wit Ruy"]
[Site "SchemingMind.com"]
[Date "2010.06.13"]
[Round "-"]
[White "cnile"]
[Black "Olli Ylönen"]
[Result "1-0"]
[WhiteCountry "SCO"]
[BlackCountry "FIN"]
[WhiteElo "1492"]
[WhiteRD "70"]
[BlackElo "1507"]
[BlackRD "57"]
[GameID "251387"]

1. e4 e5 2. Nf3 Nc6 3. Bb5 a6 4. Ba4 Nf6 5. O-O Be7 6. Re1 b5 7. Bb3 d6 8. c3 O-O 9. h3 Na5 10. Bc2 d5
11. exd5 Nxd5 12. d4 exd4 13. cxd4 Bb4 14. Bd2 Bxd2 15. Qxd2 Nc4 16. Qd3 Nxb2 17. Qxh7#
1-0

[Event "<1600, practising wit Ruy"]
[Site "SchemingMind.com"]
[Date "2010.06.13"]
[Round "-"]
[White "cnile"]
[Black "swarupsawant"]
[Result "0-1"]
[WhiteCountry "SCO"]
[BlackCountry "IND"]
[WhiteElo "1482"]
[WhiteRD "64"]
[BlackElo "1683"]
[BlackRD "64"]
[GameID "251388"]

1. e4 e5 2. Nf3 Nc6 3. Bb5 a6 4. Ba4 Nf6 5. O-O Be7 6. Re1 b5 7. Bb3 d6 8. c3 O-O 9. h3 Na5 10. Bc2 d5
11. exd5 Qxd5 12. d4 Nc6 13. Be4 Nxe4 14. Nbd2 Nxd2 15. Bxd2 exd4 16. cxd4 Nxd4 17. Nxd4 Bb7 18. Nf3 Bf6 19. Bc3 Bxc3 20. Qxd5 Bxd5
21. bxc3 Rfe8 22. Rxe8+ Rxe8 23. Nd4 c5 24. Nf5 Re2 25. Ne7+ Rxe7 26. a4 Bc4 27. axb5 Bxb5 28. Rd1 Rd7 29. Re1 Kf8 30. Re5 c4
31. f4 f6 32. Rc5 Rd3
0-1

[Event "<1600, practising wit Ruy"]
[Site "SchemingMind.com"]
[Date "2010.06.13"]
[Round "-"]
[White "cnile"]
[Black "Lars"]
[Result "0-1"]
[WhiteCountry "SCO"]
[BlackCountry "SWE"]
[WhiteElo "1482"]
[WhiteRD "64"]
[BlackElo "1577"]
[BlackRD "68"]
[GameID "251389"]

1. e4 e5 2. Nf3 Nc6 3. Bb5 a6 4. Ba4 Nf6 5. O-O Be7 6. Re1 b5 7. Bb3 d6 8. c3 O-O 9. h3 Na5 10. Bc2 d5
11. exd5 Nxd5 12. d4 exd4 13. Qxd4 Bb7 14. Nbd2 c5 15. Qe4 g6 16. Nf1 Re8 17. Bh6 Nxc3 18. bxc3 Bxe4 19. Rxe4 Bf6 20. Rae1 Rxe4
21. Rxe4 Bxc3
0-1

[Event "<1600, practising wit Ruy"]
[Site "SchemingMind.com"]
[Date "2010.06.13"]
[Round "-"]
[White "lemmie"]
[Black "cnile"]
[Result "1-0"]
[WhiteCountry "NED"]
[BlackCountry "SCO"]
[WhiteElo "1728"]
[WhiteRD "58"]
[BlackElo "1482"]
[BlackRD "64"]
[GameID "251390"]

1. e4 e5 2. Nf3 Nc6 3. Bb5 a6 4. Ba4 Nf6 5. O-O Be7 6. Re1 b5 7. Bb3 d6 8. c3 O-O 9. h3 Na5 10. Bc2 d5
11. exd5 Nxd5 12. Nxe5 Bd6 13. d4 Nc4 14. Nxc4 bxc4 15. Nd2 Qg5 16. Nxc4 Bxh3 17. Bxg5 Nf4 18. Nxd6
1-0

[Event "<1600, practising wit Ruy"]
[Site "SchemingMind.com"]
[Date "2010.06.13"]
[Round "-"]
[White "Olli Ylönen"]
[Black "cnile"]
[Result "1-0"]
[WhiteCountry "FIN"]
[BlackCountry "SCO"]
[WhiteElo "1494"]
[WhiteRD "50"]
[BlackElo "1482"]
[BlackRD "64"]
[GameID "251391"]

1. e4 e5 2. Nf3 Nc6 3. Bb5 a6 4. Ba4 Nf6 5. O-O Be7 6. Re1 b5 7. Bb3 d6 8. c3 O-O 9. h3 Na5 10. Bc2 d5
11. exd5 Nxd5 12. d4 exd4 13. Qxd4 Nc4 14. Be4 Bb7 15. Nbd2 Re8 16. Nxc4 bxc4 17. Qxc4 Rb8 18. h4 Bxh4 19. Bxd5 Rxe1+ 20. Nxe1 Bxf2+
21. Kxf2 Bxd5 22. Qxa6 Qf6+ 23. Qxf6
1-0

[Event "<1600, practising wit Ruy"]
[Site "SchemingMind.com"]
[Date "2010.06.12"]
[Round "-"]
[White "swarupsawant"]
[Black "cnile"]
[Result "1-0"]
[WhiteCountry "IND"]
[BlackCountry "SCO"]
[WhiteElo "1683"]
[WhiteRD "64"]
[BlackElo "1482"]
[BlackRD "64"]
[GameID "251392"]

1. e4 e5 2. Nf3 Nc6 3. Bb5 a6 4. Ba4 Nf6 5. O-O Be7 6. Re1 b5 7. Bb3 d6 8. c3 O-O 9. h3 Na5 10. Bc2 d5
11. Nxe5 dxe4 12. b4 Nb7 13. Bxe4 Nxe4 14. Rxe4 Nd6 15. Nc6 Qd7 16. Nxe7+ Kh8 17. Re1 Bb7 18. d3 Nf5 19. Nxf5 Qxf5 20. Nd2 Qg6
21. Nf3 Rae8 22. Be3 Re5 23. d4 Rh5 24. Kh2 Re8 25. Rg1 Re4 26. Ne5 Qd6 27. Qxh5 Qe7 28. Nxf7+ Kg8 29. Ne5 Qd6 30. Qe8+ Qf8
31. Qxf8+ Kxf8 32. Nd7+ Kg8 33. Nc5 Rh4 34. Nxb7
1-0

[Event "<1600, practising wit Ruy"]
[Site "SchemingMind.com"]
[Date "2010.06.13"]
[Round "-"]
[White "Lars"]
[Black "cnile"]
[Result "1-0"]
[WhiteCountry "SWE"]
[BlackCountry "SCO"]
[WhiteElo "1558"]
[WhiteRD "66"]
[BlackElo "1444"]
[BlackRD "59"]
[GameID "251393"]

1. e4 e5 2. Nf3 Nc6 3. Bb5 a6 4. Ba4 Nf6 5. O-O Be7 6. Re1 b5 7. Bb3 d6 8. c3 O-O 9. h3 Na5 10. Bc2 d5
11. Nxe5 dxe4 12. Bxe4 Nxe4 13. Rxe4 Bb7 14. Re1 Qd5 15. Nf3 Bf6 16. d4 Nc4 17. b3 Nd6 18. Ba3 Bg5 19. Re5 Qc6 20. Rxg5 Rae8
21. Nbd2 f6 22. Rh5 Rf7 23. Qc2 f5 24. Bxd6 Qxd6 25. Rxf5 Rxf5 26. Qxf5 Rf8 27. Qd3 Qd5 28. c4 bxc4 29. Qxc4 Qxc4 30. bxc4 h6
31. d5 a5 32. Ne5 Re8 33. Ndf3 Kh7 34. Rb1 Ba6 35. Rb3 a4 36. Rb4 a3 37. Ra4 Rb8 38. Rxa6 Rb1+ 39. Kh2 Rb2 40. Rxa3 Rxf2
41. Ra7
1-0

[Event "<1600, practising wit Ruy"]
[Site "SchemingMind.com"]
[Date "2010.06.19"]
[Round "-"]
[White "lapista59"]
[Black "cnile"]
[Result "0-1"]
[WhiteCountry "HUN"]
[BlackCountry "SCO"]
[WhiteElo "1403"]
[WhiteRD "65"]
[BlackElo "1482"]
[BlackRD "64"]
[GameID "252010"]

1. e4 e5 2. Nf3 Nc6 3. Bb5 a6 4. Ba4 Nf6 5. O-O Be7 6. Re1 b5 7. Bb3 d6 8. c3 O-O 9. h3 Na5 10. Bc2 d5
11. Nxe5 dxe4 12. d3 exd3 13. Bxd3 h6 14. g4 c5 15. g5 hxg5 16. h4 gxh4 17. Qf3 c4 18. Be4 Rb8 19. Kg2 Bb7 20. Bf4 Nxe4
21. Rxe4 Bxe4 22. Qxe4 Bf6 23. Nd2 Bxe5 24. Qxe5 Re8 25. Qh5 Nc6 26. Rh1 Qd3 27. Rxh4 f6 28. Rg4 Ne5 29. Qh6 Nxg4 30. Qg6 Qd5+
31. Kg3 Ne5 32. Qh5 Qd3+ 33. f3 Qg6+ 34. Kh4 Qxh5+ 35. Kxh5 g6+ 36. Kh6 Kf7 37. Bxe5 Rh8#
0-1

[Event "<1600, practising wit Ruy"]
[Site "SchemingMind.com"]
[Date "2010.06.16"]
[Round "-"]
[White "lapista59"]
[Black "lemmie"]
[Result "0-1"]
[WhiteCountry "HUN"]
[BlackCountry "NED"]
[WhiteElo "1394"]
[WhiteRD "67"]
[BlackElo "1688"]
[BlackRD "55"]
[GameID "252011"]

1. e4 e5 2. Nf3 Nc6 3. Bb5 a6 4. Ba4 Nf6 5. O-O Be7 6. Re1 b5 7. Bb3 d6 8. c3 O-O 9. h3 Na5 10. Bc2 d5
11. Nxe5 dxe4 12. Re3 c5 13. Kh2 Qd6 14. f4 exf3 15. Qxf3 Nc4 16. Qxa8 Nxe3 17. dxe3 Qxe5+ 18. g3 Bf5 19. Qg2 Bxc2 20. Nd2 Bd3
21. Nf3 Qh5 22. h4 Be4 23. Bd2 Bxf3 24. Qg1 Ng4+ 25. Kh3 Bd6 26. Rf1 Nf2+ 27. Rxf2 Qg4+ 28. Kh2 Qxh4#
0-1

[Event "<1600, practising wit Ruy"]
[Site "SchemingMind.com"]
[Date "2010.06.19"]
[Round "-"]
[White "lapista59"]
[Black "Olli Ylönen"]
[Result "0-1"]
[WhiteCountry "HUN"]
[BlackCountry "FIN"]
[WhiteElo "1403"]
[WhiteRD "65"]
[BlackElo "1494"]
[BlackRD "50"]
[GameID "252012"]

1. e4 e5 2. Nf3 Nc6 3. Bb5 a6 4. Ba4 Nf6 5. O-O Be7 6. Re1 b5 7. Bb3 d6 8. c3 O-O 9. h3 Na5 10. Bc2 d5
11. Nxe5 Bd6 12. Re3 Bxe5 13. Bd3 d4 14. g3 dxe3 15. dxe3 Bxh3 16. b3 Ng4 17. Ba3 Nxf2 18. Kxf2 Qf6+ 19. Ke1 Bxg3+ 20. Kd2 Bg4
21. Qxg4 Qf2+ 22. Be2 Rad8+ 23. Kc2 Qxe3 24. Bxf8 Rxf8 25. Kb2 Be5 26. Qh5 f6 27. Bg4 c5 28. Be6+ Kh8 29. Bf5 Bxc3+ 30. Nxc3 Qd2+
31. Ka3 Nc4+ 32. bxc4 Qxc3#
0-1

[Event "<1600, practising wit Ruy"]
[Site "SchemingMind.com"]
[Date "2010.06.15"]
[Round "-"]
[White "lapista59"]
[Black "swarupsawant"]
[Result "0-1"]
[WhiteCountry "HUN"]
[BlackCountry "IND"]
[WhiteElo "1394"]
[WhiteRD "67"]
[BlackElo "1606"]
[BlackRD "74"]
[GameID "252013"]

1. e4 e5 2. Nf3 Nc6 3. Bb5 a6 4. Ba4 Nf6 5. O-O Be7 6. Re1 b5 7. Bb3 d6 8. c3 O-O 9. h3 Na5 10. Bc2 d5
11. Nxe5 Bd6 12. exd5 Bxe5 13. Rxe5 Nc4 14. Qf3 Nxe5 15. Qg3 Qxd5 16. d4 Ng6 17. Nd2 Nh5 18. Be4 Qe6 19. Qxc7 Ngf4 20. Bxa8 Qe1+
21. Nf1 Ne2+ 22. Kh2 Qxf1 23. h4 Qg1#
0-1

[Event "<1600, practising wit Ruy"]
[Site "SchemingMind.com"]
[Date "2010.06.16"]
[Round "-"]
[White "lapista59"]
[Black "Lars"]
[Result "0-1"]
[WhiteCountry "HUN"]
[BlackCountry "SWE"]
[WhiteElo "1403"]
[WhiteRD "65"]
[BlackElo "1577"]
[BlackRD "68"]
[GameID "252014"]

1. e4 e5 2. Nf3 Nc6 3. Bb5 a6 4. Ba4 Nf6 5. O-O Be7 6. Re1 b5 7. Bb3 d6 8. c3 O-O 9. h3 Na5 10. Bc2 d5
11. Nxe5 Bb7 12. Re3 dxe4 13. d3 exd3 14. Bxd3 Bd6 15. Ng4 Bc6 16. Qc2 g6 17. Nh6+ Kg7 18. Re2 Qd7 19. Qd2 Rae8 20. Ng4 Nxg4
21. hxg4 Qxg4 22. Qh6+ Kh8 23. Qh3 Qh5 24. Qxh5 gxh5 25. Rxe8 Rxe8 26. Be3 Rd8 27. Nd2 Rg8 28. Ne4 Bxe4 29. Bxe4 Nc4 30. g3 Nxe3
31. fxe3 Bxg3 32. Kg2 h4 33. Rh1 c5 34. Kf3 Rd8 35. Kg4 Rd2 36. Rf1 Kg7 37. Bd5 Rxd5 38. a3 Kg6 39. e4 Rd2 40. e5 Rxb2
41. Rf6+ Kg7 42. Rxa6 Rb3 43. e6 fxe6 44. c4 bxc4 45. Kg5 c3 46. Ra7+ Kg8 47. Kf6 c2 48. Ra8+ Rb8 49. Ra7 c1=Q 50. a4 e5
51. a5 Qh6+ 52. Kf5 Qf4+ 53. Ke6 Re8+ 54. Kd5 Qd4+ 55. Kc6 Re6+ 56. Kb5 Qb4#
0-1

[Event "<1600, practising wit Ruy"]
[Site "SchemingMind.com"]
[Date "2010.06.19"]
[Round "-"]
[White "cnile"]
[Black "lapista59"]
[Result "0-1"]
[WhiteCountry "SCO"]
[BlackCountry "HUN"]
[WhiteElo "1492"]
[WhiteRD "70"]
[BlackElo "1394"]
[BlackRD "67"]
[GameID "252015"]

1. e4 e5 2. Nf3 Nc6 3. Bb5 a6 4. Ba4 Nf6 5. O-O Be7 6. Re1 b5 7. Bb3 d6 8. c3 O-O 9. h3 Na5 10. Bc2 d5
11. exd5 Bd6 12. Nxe5 Bc5 13. b4 Bxf2+ 14. Kxf2 Nc4 15. d3 Nb6 16. Be3 Qxd5 17. d4 Nc4 18. Bb3 Bb7 19. Nd2 Qxg2#
0-1

[Event "<1600, practising wit Ruy"]
[Site "SchemingMind.com"]
[Date "2010.06.16"]
[Round "-"]
[White "lemmie"]
[Black "lapista59"]
[Result "1-0"]
[WhiteCountry "NED"]
[BlackCountry "HUN"]
[WhiteElo "1688"]
[WhiteRD "55"]
[BlackElo "1394"]
[BlackRD "67"]
[GameID "252016"]

1. e4 e5 2. Nf3 Nc6 3. Bb5 a6 4. Ba4 Nf6 5. O-O Be7 6. Re1 b5 7. Bb3 d6 8. c3 O-O 9. h3 Na5 10. Bc2 d5
11. exd5 Nc4 12. d3 Nd6 13. Nxe5 Bb7 14. Nc6 Qd7 15. Rxe7 Qf5 16. Rxc7 Bc8 17. Ne7+ Kh8 18. Nxf5 Nxf5 19. Qf3 Nh4 20. Qg3 g6
21. Qxh4 Nxd5 22. Qd4+ Nf6 23. Qxf6+ Kg8 24. Bh6 Be6 25. Qg7#
1-0

[Event "<1600, practising wit Ruy"]
[Site "SchemingMind.com"]
[Date "2010.06.19"]
[Round "-"]
[White "Olli Ylönen"]
[Black "lapista59"]
[Result "0-1"]
[WhiteCountry "FIN"]
[BlackCountry "HUN"]
[WhiteElo "1494"]
[WhiteRD "50"]
[BlackElo "1403"]
[BlackRD "65"]
[GameID "252017"]

1. e4 e5 2. Nf3 Nc6 3. Bb5 a6 4. Ba4 Nf6 5. O-O Be7 6. Re1 b5 7. Bb3 d6 8. c3 O-O 9. h3 Na5 10. Bc2 d5
11. d3 Bc5 12. d4 Bb6 13. exd5 Nh5 14. dxe5 Re8 15. Bg5 f6 16. exf6 gxf6 17. g4 fxg5 18. Rxe8+ Qxe8 19. Nxg5 Qf8 20. Bxh7+ Kg7
21. Qd2 Nc4 22. Qc2 Nf4 23. Qe4 Nxh3+ 24. Nxh3 Bd7 25. Qg6+ Kh8 26. Na3 Ne5 27. Qe4 Re8 28. Qg2 Nxg4 29. Bg6 Re2 30. Rf1 Qh6
31. Bd3 Rd2 32. c4 Rxd3 33. cxb5 Rxh3 34. bxa6 Bxf2+ 35. Rxf2 Nxf2 36. Kxf2 Qd2+ 37. Kg1 Qd1+ 38. Kf2 Qd2+ 39. Kg1 Qe1+ 40. Qf1 Rg3+
41. Kh2 Qxf1 42. Kxg3 Kg7 43. a7 Qa6
0-1

[Event "<1600, practising wit Ruy"]
[Site "SchemingMind.com"]
[Date "2010.06.15"]
[Round "-"]
[White "swarupsawant"]
[Black "lapista59"]
[Result "1-0"]
[WhiteCountry "IND"]
[BlackCountry "HUN"]
[WhiteElo "1606"]
[WhiteRD "74"]
[BlackElo "1394"]
[BlackRD "67"]
[GameID "252018"]

1. e4 e5 2. Nf3 Nc6 3. Bb5 a6 4. Ba4 Nf6 5. O-O Be7 6. Re1 b5 7. Bb3 d6 8. c3 O-O 9. h3 Na5 10. Bc2 d5
11. Nxe5 Qd6 12. d4 Bb7 13. Bf4 dxe4 14. Nd2 Nh5 15. Qxh5 Bf6 16. Nxe4 g6 17. Nxg6 fxg6 18. Bxd6 gxh5 19. Bxf8 Rxf8 20. Nxf6+ Rxf6
21. Re7 c5 22. dxc5 h6 23. Rae1 Bc6 24. Rd1 Nb7 25. b4 Rg6 26. Bxg6 h4 27. Rd4 Kf8 28. Rf7+ Kg8 29. Rxh4 Bd5 30. Rf6 Kg7
31. Rxa6 Nd8 32. Be4 Be6 33. Ra7+ Nf7 34. Bd3 Kf6 35. Bxb5 Kf5 36. Bd7 Kg5 37. Bxe6 Kxh4 38. Bxf7 h5 39. Be8 Kg5 40. Rf7 h4
41. f4+ Kh5 42. Rf6#
1-0